Catálogo

La secreta misión del 6.21 / (Registro nro. 68868)

Detalles MARC
000 -LEADER
fixed length control field 01111nam a2200325 i 4500
001 - CONTROL NUMBER
control field 68868
003 - CONTROL NUMBER IDENTIFIER
control field Mx-PuUPA
005 - DATE AND TIME OF LATEST TRANSACTION
control field 20221018123600.0
008 - FIXED-LENGTH DATA ELEMENTS--GENERAL INFORMATION
fixed length control field 200323s2017 mx a dr 00| 1 spa d
020 ## - INTERNATIONAL STANDARD BOOK NUMBER
International Standard Book Number 9786072424111
040 ## - CATALOGING SOURCE
Original cataloging agency Mx-PuUPA
Language of cataloging spa
Transcribing agency Mx-PuUPA
Modifying agency Mx-PuUPA
Description conventions rda
041 0# - LANGUAGE CODE
Language code of text/sound track or separate title spa
100 1# - MAIN ENTRY--PERSONAL NAME
Personal name Romero, Ana,
Dates associated with a name 1975-
Relator term autor
9 (RLIN) 10761
245 13 - TITLE STATEMENT
Title La secreta misión del 6.21 /
Statement of responsibility, etc. Ana Romero ; ilustraciónes, Teresa Pastor.
250 ## - EDITION STATEMENT
Edition statement Quinta edición
264 31 - PRODUCTION, PUBLICATION, DISTRIBUTION, MANUFACTURE, AND COPYRIGHT NOTICE
Place of production, publication, distribution, manufacture Ciudad de México :
Name of producer, publisher, distributor, manufacturer Ediciones SM,
Date of production, publication, distribution, manufacture, or copyright notice 2017
300 ## - PHYSICAL DESCRIPTION
Extent 129 páginas :
Other physical details ilustraciones ;
Dimensions 19 cm.
336 ## - CONTENT TYPE
Fuente rdacontent
Content type term texto
Content type code txt
337 ## - MEDIA TYPE
Source rdamedia
Media type term sin medio
Media type code n
338 ## - CARRIER TYPE
Source rdacarrier
Carrier type term volumen
Carrier type code nc
490 1# - SERIES STATEMENT
Series statement El barco de vapor. Roja ;
Volume/sequential designation 6 M
650 14 - SUBJECT ADDED ENTRY--TOPICAL TERM
Topical term or geographic name entry element Literatura mexicana
650 14 - SUBJECT ADDED ENTRY--TOPICAL TERM
Topical term or geographic name entry element Aventuras
Form subdivision Ficción infantil
700 1# - ADDED ENTRY--PERSONAL NAME
Personal name Pastor, Teresa,
Dates associated with a name ilustrador
830 #3 - SERIES ADDED ENTRY--UNIFORM TITLE
Uniform title El barco de vapor.
Name of part/section of a work Roja ;
Volume/sequential designation 6 M
942 ## - ADDED ENTRY ELEMENTS (KOHA)
Source of classification or shelving scheme Dewey Decimal Classification
Koha item type Libro
Classification part 808.8035235
Item part B2206
Existencias
Withdrawn status Lost status Source of classification or shelving scheme Damaged status Not for loan Collection code Home library Current library Shelving location Date acquired Source of acquisition Cost, normal purchase price Total Checkouts Full call number Barcode Date last seen Cost, replacement price Price effective from Koha item type
    Dewey Decimal Classification     Infantil Biblioteca Karol Wojtyla Biblioteca Karol Wojtyla Área de silencio 20/08/2021 1 143.00   808.8035235 B2206 2017 101244 05/01/2026 143.00 20/08/2021 Libro infantil